00290nam a2200121Ia 4500008004100000100003000041245003000071260002500101300000800126650001000134942000700144999001700151190216s9999||||xx |||||||||||||| ||und|| aJagadish Chandra Choudari 0aHindi-Hamare Prerana Sodh bNavasakshar Samsthan a128 aHindi cBK c16359d16359